[Event "41st Bosna Open"]
[Site "Sarajevo BIH"]
[Date "2011.05.04"]
[Round "2.11"]
[White "Nestorovic, Lazar"]
[Black "Erdos, Viktor"]
[Result "1/2-1/2"]
[BlackTitle "GM"]
[WhiteElo "2419"]
[BlackElo "2609"]
[WhiteFideId "937517"]
[BlackFideId "719978"]
[EventDate "2011.05.03"]

1. e4 e5 2. Nf3 Nc6 3. Bb5 a6 4. Bxc6 dxc6 5. d4 exd4 6. Qxd4 Qxd4 7. Nxd4 Bd7
8. Nc3 O-O-O 9. Be3 Bb4 10. Ne2 f5 11. O-O-O Nf6 12. exf5 Bxf5 13. Rxd8+ Rxd8
14. a3 Bd6 15. f3 Re8 16. Bd2 Bg6 17. Ng3 Rf8 18. Re1 h5 19. Nf1 Kd7 20. Bg5 Nh7
21. Bd2 Nf6 22. Bg5 Nh7 23. Bd2 Nf6 1/2-1/2

[Event "41st Bosna Open"]
[Site "Sarajevo BIH"]
[Date "2011.05.05"]
[Round "3.38"]
[White "Arat, Ufuk Sezen"]
[Black "Sadikovic, Samir"]
[Result "1-0"]
[WhiteElo "2053"]
[BlackElo "2167"]
[WhiteFideId "6309089"]
[BlackFideId "903434"]
[EventDate "2011.05.03"]

1. e4 d5 2. exd5 Qxd5 3. Nc3 Qa5 4. d4 Nf6 5. Bc4 Bg4 6. f3 Bf5 7. Ne2 e5 8. Bd2
exd4 9. Nb5 Qb6 10. Nexd4 Bd7 11. Qe2+ Be7 12. O-O-O c5 13. Nb3 a5 14. Bf4 O-O
15. Bc7 Qa6 16. Qxe7 Bxb5 17. Rd8 Nbd7 18. Nxc5 Qc6 19. Qxf7+ Kh8 20. Ne6 Qxe6
21. Rxf8+ Rxf8 22. Qxe6 Re8 23. Qxe8+ 1-0

[Event "41st Bosna Open"]
[Site "Sarajevo BIH"]
[Date "2011.05.06"]
[Round "4.4"]
[White "Lafuente, Pablo"]
[Black "Naiditsch, Arkadij"]
[Result "0-1"]
[WhiteTitle "GM"]
[BlackTitle "GM"]
[WhiteElo "2555"]
[BlackElo "2716"]
[WhiteFideId "108820"]
[BlackFideId "4650891"]
[EventDate "2011.05.03"]

1. d4 Nf6 2. c4 e6 3. Nc3 Bb4 4. e3 O-O 5. Ne2 d5 6. a3 Bd6 7. cxd5 exd5 8. g3
c6 9. Bg2 h5 10. O-O Re8 11. Qc2 h4 12. e4 Nxe4 13. Nxe4 dxe4 14. Bxe4 Bh3 15.
Re1 Nd7 16. Bf4 Nf6 17. Bf3 Nh7 18. Qd2 Qf6 19. Bh1 Rad8 20. Bxd6 Rxd6 21. d5
hxg3 22. hxg3 cxd5 23. Nf4 Rxe1+ 24. Rxe1 Ng5 25. Qb4 Bg4 26. Qxb7 Kh7 27. Qb3
d4 28. Bg2 d3 29. Nxd3 Nf3+ 30. Bxf3 Qxf3 31. Re3 Rh6 0-1

[Event "41st Bosna Open"]
[Site "Sarajevo BIH"]
[Date "2011.05.06"]
[Round "4.34"]
[White "Vukmirovic, Dusan"]
[Black "Djukic, Sandra"]
[Result "1/2-1/2"]
[WhiteElo "2087"]
[BlackElo "2202"]
[WhiteFideId "938785"]
[BlackFideId "931390"]
[EventDate "2011.05.03"]

1. c4 e6 2. d4 d5 3. Nc3 Nf6 4. Bf4 c6 5. e3 Qa5 6. Bd3 dxc4 7. Bxc4 Nd5 8. Ne2
Nxf4 9. Nxf4 Be7 10. O-O O-O 11. a3 e5 12. Qh5 Nd7 13. Ba2 Qc7 14. dxe5 Qxe5 15.
Qe2 Nc5 16. Nd3 Nxd3 17. Qxd3 Bf5 18. e4 Rad8 19. Qe2 Be6 20. Bxe6 Qxe6 21. Rad1
Bc5 22. Rd3 Rxd3 23. Qxd3 Qf6 24. Qe2 Bd4 25. Nd1 Re8 26. Kh1 Qe5 27. Re1 Kh8
28. Qc4 Qf6 29. f4 Rd8 30. g3 h6 31. Qe2 Qd6 32. Kg2 Kg8 33. Kf3 Qc5 34. b4 Qh5+
35. Kg2 Qxe2+ 36. Rxe2 Kf8 37. h3 Ke7 38. Kf3 Bb6 39. Nb2 Rd4 40. e5 Ke6 41. Re3
Rd2 42. Re2 Rd7 43. Rc2 g5 44. Kg4 gxf4 45. gxf4 Rd4 46. Na4 h5+ 47. Kg5 Bd8+
48. Kxh5 Rxf4 49. Nc5+ Kf5 50. Kh6 b6 51. Nb7 Bg5+ 52. Kg7 Kxe5 53. Rxc6 Be7 54.
Rc3 Ke6 55. Rd3 Rf5 56. Nd8+ Bxd8 57. Rxd8 Rg5+ 58. Kh6 Rg3 59. h4 Rxa3 60. h5
Ra4 61. Kg7 Rxb4 62. Re8+ Kd7 63. Ra8 a5 64. h6 Rh4 65. h7 Kc6 66. h8=Q Rxh8 67.
Rxh8 a4 68. Kf6 Kc5 69. Ke5 a3 70. Rh3 b5 71. Rxa3 b4 72. Ra7 Kc4 73. Ke4 Kc3
74. Rc7+ Kd2 75. Rxf7 b3 76. Kd4 b2 77. Rf2+ Kc1 78. Kc3 b1=N+ 79. Kd3 Na3 80.
Rf4 Kb2 81. Rb4+ Ka2 82. Kc3 Nb1+ 83. Kc2 Na3+ 84. Kc1 Ka1 85. Rb2 Nc4 86. Rb4
Na3 87. Rb8 Ka2 88. Kd2 Nb1+ 89. Kc1 Na3 1/2-1/2

[Event "41st Bosna Open"]
[Site "Sarajevo BIH"]
[Date "2011.05.08"]
[Round "5.11"]
[White "Rapport, Richard"]
[Black "Lupulescu, Constantin"]
[Result "0-1"]
[WhiteTitle "GM"]
[BlackTitle "GM"]
[WhiteElo "2552"]
[BlackElo "2638"]
[WhiteFideId "738590"]
[BlackFideId "1207822"]
[EventDate "2011.05.03"]

1. Nf3 c5 2. c4 Nf6 3. g3 d5 4. d4 dxc4 5. Qa4+ Nc6 6. dxc5 e6 7. Bg2 Bxc5 8.
O-O O-O 9. Qxc4 Be7 10. Nc3 Qb6 11. a3 Bd7 12. Be3 Na5 13. Qa2 Bc5 14. Bg5 Bxf2+
15. Rxf2 Ng4 16. Rf1 Rac8 17. h3 Nxf2 18. Rxf2 Nc4 19. e4 h6 20. Bf4 Rfd8 21.
Bf1 Nxb2 22. Be5 Na4 23. Bd4 Qc7 24. Nxa4 Bxa4 25. Qb2 f6 26. Kh2 b6 27. Ba6 Rb8
28. Qa2 Re8 29. Bc4 Bd7 30. Bb3 Qb7 31. Qb1 Bc6 32. e5 f5 33. Qxf5 Bd5 34. Qd3
Bxb3 35. Qxb3 Rbd8 36. Be3 Qd5 37. Qxd5 Rxd5 38. Rd2 Rxd2+ 39. Bxd2 Rd8 40. Bb4
Rd3 41. Kg2 a5 42. Bd6 b5 43. Kf2 b4 44. axb4 a4 45. Ke2 Rc3 46. Bc5 a3 47. Bd4
Rb3 48. Ne1 Rxb4 49. Nc2 Rb3 50. Kf2 0-1

[Event "41st Bosna Open"]
[Site "Sarajevo BIH"]
[Date "2011.05.08"]
[Round "5.49"]
[White "Hadziselimovic, Bernardina"]
[Black "Cosovic, Aziz"]
[Result "1-0"]
[WhiteElo "1822"]
[BlackElo "2059"]
[WhiteFideId "14403455"]
[BlackFideId "14405180"]
[EventDate "2011.05.03"]

1. e4 e5 2. Nf3 Nc6 3. d4 exd4 4. Nxd4 Qh4 5. Nb5 Bc5 6. Qf3 Ne5 7. Qf4 Qxf4 8.
Bxf4 Bd6 9. Nxd6+ cxd6 10. Nc3 Nf6 11. O-O-O Ke7 12. Bg5 Ng4 13. Rd2 h6 14. Nd5+
Kd8 15. Nxf6 gxf6 16. Bh4 Ke7 17. Be2 Rg8 18. Rhd1 Nxh2 19. Rxd6 Ng4 20. Bxg4
Rxg4 21. Bxf6+ Kf8 22. g3 Kg8 23. Rh1 Kh7 24. Be5 Rg6 25. g4 Rxd6 26. Bxd6 f6
27. Bf4 d5 28. Rxh6+ Kg7 29. exd5 Bxg4 30. Rh4 Bf5 31. d6 Kf7 32. Bg3 Ke6 33.
Rd4 Rd8 34. Kd2 Rd7 35. c4 Bh7 36. c5 a6 37. b4 Bf5 38. a4 Bh3 39. b5 Bg2 40.
bxa6 bxa6 41. Rb4 Bc6 42. Rd4 Rb7 43. Kc3 Rb1 44. Bf4 Kd7 45. Be3 Ra1 46. Kb3
Rb1+ 47. Ka2 Rb7 48. Bd2 Ke6 49. Ka3 Bd5 50. Rb4 Kd7 51. Rxb7+ Bxb7 52. Kb4 Kc6
53. Kc4 Kd7 54. f4 f5 55. Kb4 Kc6 56. Be3 Kd7 57. Ka5 Bc6 58. Bf2 Kc8 59. Kb6
Kd7 60. a5 Bb5 61. Bd4 Bc4 62. c6+ Kxd6 63. Be5+ Ke7 64. Kb7 Bd5 65. Kb6 Kd8 66.
c7+ Kc8 67. Kxa6 Kd7 68. Kb6 Be4 69. Kc5 Bb7 70. Kb6 Kc8 71. Bf6 Ba8 72. Bd8 Bb7
73. Kc5 Ba6 74. Kd4 Bb5 75. Ke5 Bd3 76. a6 Be4 77. Ke6 Bd3 78. a7 Be4 79. a8=Q+
Bxa8 80. Kxf5 Kd7 81. Kf6 Bg2 82. f5 Bh3 83. Kg6 Bg4 84. f6 Ke8 85. Kg7 Be6 86.
f7+ 1-0

[Event "41st Bosna Open"]
[Site "Sarajevo BIH"]
[Date "2011.05.09"]
[Round "6.2"]
[White "Parligras, Mircea-Emilian"]
[Black "Naiditsch, Arkadij"]
[Result "1-0"]
[WhiteTitle "GM"]
[BlackTitle "GM"]
[WhiteElo "2626"]
[BlackElo "2716"]
[WhiteFideId "1204297"]
[BlackFideId "4650891"]
[EventDate "2011.05.03"]

1. d4 Nf6 2. c4 e6 3. Nc3 Bb4 4. Qc2 O-O 5. e4 d5 6. e5 Ne4 7. Bd3 c5 8. Ne2
cxd4 9. Nxd4 Nd7 10. Bf4 Qh4 11. g3 Qh5 12. Be2 Qg6 13. a3 Bc5 14. Rd1 f6 15.
Nxe4 dxe4 16. Nxe6 Bxf2+ 17. Kd2 Re8 18. Nc7 fxe5 19. Nxa8 exf4 20. gxf4 Nc5 21.
Nc7 Bf5 22. Kc1 Nd3+ 23. Bxd3 Be3+ 24. Kb1 exd3 25. Qc3 Re4 26. Ka1 Bb6 27. Nd5
Re2 28. Rhe1 Bd8 29. Rxe2 dxe2 30. Re1 Bh4 31. Rxe2 Qg1+ 32. Ka2 Qb1+ 33. Kb3
Qd1+ 34. Rc2 Bf6 35. Qd2 Bxc2+ 36. Qxc2 Qf3+ 37. Ka2 Bd4 38. Qf5 g6 39. Ne7+ Kg7
40. Qd7 Bg1 41. f5 gxf5 42. Nxf5+ Kf6 43. Nd6 Qc6 44. Qxh7 Ke5 45. Qe7+ Kd4 46.
Qg7+ 1-0

[Event "41st Bosna Open"]
[Site "Sarajevo BIH"]
[Date "2011.05.09"]
[Round "6.28"]
[White "Spasenovic, Zoran"]
[Black "Kislik, Erik Andrew"]
[Result "1-0"]
[BlackTitle "FM"]
[WhiteElo "2131"]
[BlackElo "2347"]
[WhiteFideId "934356"]
[BlackFideId "2022702"]
[EventDate "2011.05.03"]

1. d4 Nf6 2. c4 c5 3. Nf3 cxd4 4. Nxd4 e5 5. Nb5 d6 6. Bg5 Be6 7. e4 a6 8. Bxf6
gxf6 9. N5a3 Bg7 10. Nc3 Nc6 11. Be2 O-O 12. O-O f5 13. exf5 Bxf5 14. Bf3 Qd7
15. Qd2 Nd4 16. Bd5 Kh8 17. Ne2 Nxe2+ 18. Qxe2 Bg6 19. Rad1 Rab8 20. g3 e4 21.
f4 exf3 22. Bxf3 Qc7 23. Kh1 Rfe8 24. Qd2 Re6 25. b3 Rbe8 26. Rf2 Kg8 27. Nc2
Qc5 28. Rdf1 b5 29. Bd5 R6e7 30. Nb4 bxc4 31. bxc4 Kh8 32. Nd3 Qd4 33. Nf4 Be4+
34. Ng2 Bxd5 35. cxd5 Qa7 36. Nh4 Bd4 37. Rf4 Be5 38. R4f2 Rb7 39. Qh6 Rg8 40.
Nf3 Bg7 41. Qh5 Bd4 42. Nxd4 Qxd4 43. Rxf7 Qe4+ 44. Qf3 Rxf7 45. Qxe4 Rxf1+ 46.
Kg2 Rgf8 47. Qd4+ R1f6 48. Qb6 Rc8 49. h4 h5 50. Qb2 Rf8 51. Qe2 Rf5 52. Qe6
R8f6 53. Qc8+ Rf8 54. Qc6 Rd8 55. Qb6 Rff8 56. Qxa6 Rfe8 57. a4 Kg7 58. Qc6 Re2+
59. Kf3 Re7 60. Qc3+ Kg8 61. Qd3 Kg7 62. Kg2 Rde8 63. Qf5 Rh8 64. a5 Ra8 65.
Qg5+ Kf7 66. Qxh5+ Kg7 67. Qg5+ Kf7 68. h5 Rxa5 69. h6 Ra2+ 70. Kh3 Ree2 71.
Qg7+ Ke8 72. h7 Rh2+ 73. Kg4 Ra4+ 74. Kg5 1-0

[Event "41st Bosna Open"]
[Site "Sarajevo BIH"]
[Date "2011.05.10"]
[Round "7.13"]
[White "Can, Emre"]
[Black "Abergel, Thal"]
[Result "1/2-1/2"]
[WhiteTitle "GM"]
[BlackTitle "GM"]
[WhiteElo "2487"]
[BlackElo "2506"]
[WhiteFideId "6302181"]
[BlackFideId "614890"]
[EventDate "2011.05.03"]

1. e4 c5 2. c3 e6 3. d4 d5 4. exd5 exd5 5. Nf3 Nc6 6. Bb5 Bd6 7. dxc5 Bxc5 8.
O-O Ne7 9. Nbd2 Bg4 10. Qa4 Bd7 11. Nb3 Bb6 12. Re1 O-O 13. Be3 Bc7 14. Bf4 Bb6
15. Be3 Nf5 16. Bxb6 Qxb6 17. Rad1 Be6 18. Bd3 Rad8 19. Qf4 Nce7 20. Re2 Ng6 21.
Qa4 Bd7 22. Qa5 Nf4 23. Red2 Qg6 24. Bf1 Rde8 25. Qc7 Qg4 26. g3 Qxf3 27. Qxd7
Re6 28. Nd4 Nxd4 29. Rxd4 g5 30. Qxb7 Rfe8 31. Rxd5 Nxd5 32. Qxd5 Qf6 33. Qd4
Qxd4 34. Rxd4 Re1 35. Kg2 Rb1 36. Rd2 Ree1 37. Be2 Rh1 38. Bg4 Kg7 39. h3 Rbg1+
40. Kf3 Rd1 41. Rc2 Rc1 42. Rd2 Rhd1 43. Re2 Re1 44. Rd2 Rcd1 45. Rc2 Kg6 46.
Bc8 f5 47. g4 fxg4+ 48. hxg4 Kf6 49. a4 Ke5 50. Ba6 Ra1 51. Bb5 a6 52. Bxa6 Rxa4
53. Be2 Re4 54. Bd3 Rf4+ 55. Kg3 Rg1+ 56. Kh2 Rgxg4 57. Re2+ Kf6 58. b4 h5 59.
Rd2 Rf3 60. b5 Rh4+ 61. Kg2 Rhh3 62. b6 Rxd3 63. b7 Rhg3+ 64. Kf1 Rxd2 65. b8=Q
Rgd3 66. Qh8+ Kg6 67. Qe8+ Kf5 68. Qxh5 Rxc3 69. Qf7+ Kg4 70. Kg2 Rg3+ 71. Kf1
Rc3 72. Kg2 Rg3+ 73. Kf1 1/2-1/2

[Event "41st Bosna Open"]
[Site "Sarajevo BIH"]
[Date "2011.05.11"]
[Round "8.14"]
[White "Ivanisevic, Ivan"]
[Black "Fauland, Alexander"]
[Result "1/2-1/2"]
[WhiteTitle "GM"]
[BlackTitle "IM"]
[WhiteElo "2648"]
[BlackElo "2478"]
[WhiteFideId "912417"]
[BlackFideId "1600036"]
[EventDate "2011.05.03"]

1. d4 Nf6 2. c4 e6 3. Nc3 Bb4 4. e3 O-O 5. Ne2 d5 6. a3 Bxc3+ 7. Nxc3 b6 8. b4
c5 9. dxc5 bxc5 10. cxd5 exd5 11. bxc5 Na6 12. Be2 Nxc5 13. O-O Be6 14. Rb1 Rc8
15. Nb5 Nfe4 16. Bb2 a6 17. Nd4 Qa5 18. Nxe6 fxe6 19. Qd4 Rc7 20. Bg4 Re8 21.
Qe5 Rce7 22. Bd4 Nf6 23. Bh3 Nce4 24. Rb6 Kf7 25. Rfb1 Qxa3 26. Bg4 Qa2 27. R6b2
Qc4 28. h3 Qc7 29. Bxe6+ Kf8 30. Qxc7 Rxc7 31. Bf5 g6 32. Bxe4 Nxe4 33. Rb6 Rec8
34. Rxa6 Rc1+ 35. Rxc1 Rxc1+ 36. Kh2 Rc2 37. f3 Nd2 38. Kg3 Nf1+ 39. Kf4 Rxg2
40. Ra7 Nd2 41. Bc5+ Kg8 42. Ke5 Nxf3+ 43. Kf6 h5 44. Rg7+ Kh8 45. Rxg6 Rxg6+
46. Kxg6 h4 47. Bd4+ Kg8 48. Kf5 Kf7 49. Kg4 Nh2+ 50. Kxh4 Kg6 51. Kg3 Nf1+ 52.
Kf4 Kh5 53. Bf6 Nd2 54. Ke5 Ne4 55. Be7 Nf2 56. h4 Nd1 57. Kf4 Nf2 58. Bg5 Ne4
59. Ke5 Nc3 60. Kd4 Nd1 61. Bd8 Kg4 62. Kd3 Nf2+ 63. Kd4 Nd1 64. Bf6 Kh5 65. Be7
Kg4 66. Kd3 Nf2+ 67. Ke2 Ne4 68. Bd8 Ng3+ 69. Kd3 Nf5 70. Bf6 Kh5 71. Ke2 Kg4 1/2-1/2

[Event "41st Bosna Open"]
[Site "Sarajevo BIH"]
[Date "2011.05.12"]
[Round "9.15"]
[White "Milanovic, Danilo"]
[Black "Ivanisevic, Ivan"]
[Result "1/2-1/2"]
[WhiteTitle "GM"]
[BlackTitle "GM"]
[WhiteElo "2494"]
[BlackElo "2648"]
[WhiteFideId "915483"]
[BlackFideId "912417"]
[EventDate "2011.05.03"]

1. d4 Nf6 2. c4 e6 3. Nc3 Bb4 4. e3 c5 5. Bd3 Nc6 6. Ne2 O-O 7. O-O d6 8. Bc2
Bd7 9. a3 Ba5 10. b3 a6 11. Bb2 Rb8 12. d5 Ne5 13. f4 Neg4 14. Qd3 b5 15. Rab1
b4 16. Ne4 Nxe4 17. Qxe4 f5 18. Qd3 bxa3 19. Bxa3 e5 20. fxe5 Nxe5 21. Qd1 Ng4
22. Bc1 Qe7 23. Rf3 Bb4 24. Ng3 Qh4 25. Nf1 a5 26. Bb2 Rbe8 27. Qe2 g6 28. h3
Ne5 29. Rf4 Qh6 30. Ng3 Qg5 31. Qf2 h5 32. Rf1 Rf7 33. e4 h4 34. Nxf5 gxf5 35.
Bxe5 dxe5 36. Rg4 fxg4 37. Qxf7+ Kh8 38. Qxd7 Rg8 39. Qf5 gxh3 40. Qxh3 Bc3 41.
Rf5 Bd4+ 42. Kh2 Qg3+ 43. Qxg3 hxg3+ 44. Kh3 Rg6 45. Rf7 Be3 46. Bd1 Bf4 47. Bh5
Rg7 48. Rf6 Rh7 49. Kg4 Rg7+ 50. Bg6 Rb7 51. d6 Bh6 52. Kf5 Kg8 53. Ke6 Rxb3 54.
Bh5 Bf8 55. Kd7 Rd3 56. Kc7 a4 57. d7 Be7 58. Ra6 a3 59. Be2 Rd2 60. Rxa3 Rxe2
61. Rxg3+ Kf7 62. Rh3 Kg6 63. d8=Q Bxd8+ 64. Kxd8 Rxe4 65. Rc3 Re2 66. Kc7 Kf5
67. Kc6 Rxg2 68. Kxc5 e4 69. Kb5 Rb2+ 70. Kc6 Kf4 71. c5 e3 72. Rxe3 Kxe3 73.
Kd6 Rd2+ 74. Ke6 Rc2 75. Ke5 1/2-1/2